Регионална библиотека "Любен Каравелов" - Русе

Бог - с лична позиция : Духовни беседи и духовна поезия (Запис номер 348416)

MARC детайли
000 -Лидер
Контролно поле с фиксирана дължина nam a22 a 4500
003 - Код на организацията, давaща контролен номер
Контролно поле BLK
005 - Дата и час на последна редакция
Контролно поле 20220225150418.0
008 - Елементи от данни с фиксирана дължина
fixed length control field 180411b bul|||||r ||||||| ||bul||
020 ## - Международен стандартен номер на книга ISBN
Международен стандартен номер на книга ISBN 9786197354843
040 ## - Източник на каталожния запис
Идентификатор на билиотеката - собственик на записа BLK
041 ## - Код за език
Код за езика на текст/звукозапис или на отделно заглавие Български
Код за езика КДБФ Български
072 #7 - Код за тематичната категория
Код организация bullib
Код за тематична категория РА
Текст Русенски автори
080 ## - УДК
Текстов определител УДК Българска литература
УДК код - определител по УДК 821.163.2
УДК определител -14
УДК - код + определител 821.163.2-14
100 1# - Редна дума - Автор
Автор Пенева, Николина
Авторска отговорност първи автор
Автор - информация (биография) Бачева, Николина Пенева
R(LIN) 263308
139 ## - Редно поле
Редна дума Пенева, Николина
Авторски знак Пен - П 34
245 10 - Сведения за заглавието
Заглавие Бог - с лична позиция : Духовни беседи и духовна поезия
Редно поле (дума) Николина Пенева; * Николина Пенева Бачева
257 ## - Страна на издаване
Страна на създаване/издаване България
260 ## - Област на издателските данни
Име на издателя, разпространителя и проч. Gaiana Book Art Studio
Година на издаване 2019
Място на издаване, разпространение и проч. Русе
300 ## - Физическа характеристика
Страници 88 с.
Размери/Мащаб 21 см
380 ## - Жанр
Жанр Худож. лит.
500 ## - Общи забележки
Забележка Пълното име на авт. е Николина Пенева Бачева.
700 1# - Други автори (авторска отговорност)
Лично име Бачева, Николина Пенева
Автороска отговорност (Описва отношението между автора и произведението) *
9 (RLIN) 366534
852 ## - Местоположение
Форматна сигнатура К 821.163.2/П 34 Н
856 4# - Електронен адрес и достъп
Електронен формат pdf - файл
856 4# - Електронен адрес и достъп
Електронен формат pdf - файл
999 ## - СИСТЕМНИ КОНТРОЛНИ НОМЕРА
Koha biblionumber 348416
Koha biblioitemnumber 348416
942 ## - АРТИКУЛИ
Вид на библиотечния материал Книги
Скрит в OPAC Не
Периодичен библиозапис Да
944 ## - СЪЗДАВАНЕ И РЕДАКЦИЯ на ЗАПИСА
Създаване/Редакция Създаване
Дата на регистрацията/редакция 2020-02-04
Служител, извършил регистрацията/редакцията В. Р.
999 ## - СИСТЕМНИ КОНТРОЛНИ НОМЕРА
Koha biblioitemnumber 348416
Наличности
Код за отписване Код за изгубен артикул Източник на класификационната схема Код за повреда Код за отдаване Артикулен № Име на библиотеката - собственик Име на библиотеката, в която се намира в момента Статус (Текущо местоположение) Дата на вписване в системата Местоположение - отдел Цена в лева Номерация (Хронология) Инвентарен номер Систематично азбучна сигнатура Баркод Цена в евро Служебен тип на артикула
  Не е изгубен Universal Decimal Classification Не е повреден ползва се в читалня 755378 Регионална библиотека "Любен Каравелов" Русе Регионална библиотека "Любен Каравелов" Русе Краезнание 2020-02-07 Краезнание 3.00 Автограф 120000842450 К 821.163.2/П 34 Н 120000842450 1.53 Книги
Vip Innovations Ltd, Rousse, Bulgaria 2025